Quiz Culture G. (12) - Statistiques

Statistiques générales
  • Ce quiz a été pris 105 fois
  • Le résultat moyen est 8 sur 20
Statistiques - réponses
Réponse % Correct
Comment appelle-t-on une personne aussi à l'aise des deux mains ? Ambidextre
91%
Dans quel dessin animé a-t-on découvert Buzz l'éclair ? Toy story
80%
Quel saint fête t'on le 31 décembre ? Sylvestre
62%
De quel pays Erevan est elle la capitale ? Arménie
59%
Quel est le nom du président ukrainien élu en 2019 ? Zelensky
59%
En 2024, quel club de rugby devient la première équipe bretonne à atteindre le Top 14 ? Vannes
56%
Dans la mythologie grecque, qui est la femme d'Ulysse ? Penelope
52%
Quel département français porte le numéro 14 ? Calvados
49%
Quel constructeur automobile a notamment un modèle nommé Giulietta ? Alfa Roméo
46%
Quel acteur de la saga "Fast Furious" a perdu la vie en 2013 ? Paul Walker
41%
Qui a présenté les Grosses Têtes pendant 37 ans ? Bouvard
38%
A quel groupe doit on les chansons "Butterfly" et "Travel the world" ? Superbus
34%
Qui était surnommé le fou chantant ? Charles Trenet
31%
Quel journaliste et animateur a été à la présentation de Secret Story et de Ninja Warrior ? Christophe Beaugrand
31%
Qui incarne à merveille le personnage de Mister Bean ? Rowan Atkinson
28%
Quel vin blanc liquoreux du bordelais est considéré comme l'accompagnant parfait du foie gras ? Sauternes
22%
Dans quel sport s'illustre Marine Johannes ? Basket
21%
A qui Anne Hidalgo a-t-elle succédé à la tête de la mairie de Paris ? Bertrand Delanoe
21%
Quel chanteuse a comme vraie identité Isabelle Geffroy ? Zaz
18%
Comment appelle-t-on un préparateur de feux d'artifice ? Pyrotechnicien
8%
Aucun quiz correspondant
Distribution des résultats
% des personnes avec chaque résultat
Percentile par nombre de réponses
Votre historique - résultats
Vous n’avez pas pris ce quiz